000 00524nam a2200193Ia 4500
005 20260415091825.0
008 210303s9999 xx 000 0 und d
016 _2reto2022b
040 _aNLN
_bEnglish
_eAACR2
050 _aPZ1
_b.A258
082 _a808.831
100 _aRIVE, Richard
_eaut
_945199
245 0 _aAfrican songs /
_cRichard Rive
260 _aBerlin :
_bSeven Seas Publishers,
_c1963.
300 _a149p. ;
_b18cm.
563 _a(pbk)
650 _aShort stories, Southern African
_970112
942 _cBK
_n0
999 _c23930
_d23930